000 00322nam a2200121Ia 4500
008 180205s9999 xx 000 0 und d
020 _a9719344601
100 _aAguilar, Marlene
245 _aMyth and legends of the Philippines /
250 _a1st ed
260 _aQuezon City:
_bJamayco Inc.
_c2007
300 _a192 pages
999 _c354655
_d354655